World Series Champions - Statistics

General Stats
  • This quiz has been taken 139 times
  • The average score is 106 of 121
Answer Stats
Year Games Champion % Correct
1940 4-3 Red
100%
1955 4-3 Dodgers
99%
1959 4-2 Dodgers
99%
1963 4-0 Dodgers
99%
1965 4-3 Dodgers
99%
1981 4-2 Dodgers
99%
1988 4-1 Dodgers
99%
2020 4-2 Dodgers
99%
2024 4-1 Dodgers
99%
2025 4-3 Dodgers
99%
1919* 5-3 Reds
99%
1975 4-3 Reds
99%
1976 4-0 Reds
99%
1990 4-0 Reds
99%
1923 4-2 Yankees
99%
1927 4-0 Yankees
99%
1928 4-0 Yankees
99%
1932 4-0 Yankees
99%
1936 4-2 Yankees
99%
1937 4-1 Yankees
99%
1938 4-0 Yankees
99%
1939 4-0 Yankees
99%
1941 4-1 Yankees
99%
1943 4-1 Yankees
99%
1947 4-3 Yankees
99%
1949 4-1 Yankees
99%
1950 4-0 Yankees
99%
1951 4-2 Yankees
99%
1952 4-3 Yankees
99%
1953 4-2 Yankees
99%
1956 4-3 Yankees
99%
1958 4-3 Yankees
99%
1961 4-1 Yankees
99%
1962 4-3 Yankees
99%
1977 4-2 Yankees
99%
1978 4-2 Yankees
99%
1996 4-2 Yankees
99%
1998 4-0 Yankees
99%
1999 4-0 Yankees
99%
2000 4-1 Yankees
99%
2009 4-2 Yankees
99%
2017* 4-3 Astros
94%
2022 4-2 Astros
94%
1906 4-2 White Sox
94%
1917 4-2 White Sox
94%
2005 4-0 White Sox
94%
2023 4-1 Rangers
93%
1912 4-3 Red Sox
93%
1915 4-1 Red Sox
93%
1916 4-1 Red Sox
93%
1918 4-2 Red Sox
93%
2004 4-0 Red Sox
93%
2007 4-0 Red Sox
93%
2013 4-2 Red Sox
93%
2018 4-1 Red Sox
93%
1907 4-0 Cubs
91%
1908 4-1 Cubs
91%
2016 4-3 Cubs
91%
1914 4-0 Braves
87%
1957 4-3 Braves
87%
1995 4-2 Braves
87%
2021 4-2 Braves
87%
1926 4-3 Cardinals
86%
1931 4-3 Cardinals
86%
1934 4-3 Cardinals
86%
1942 4-1 Cardinals
86%
1944 4-2 Cardinals
86%
1946 4-3 Cardinals
86%
1964 4-3 Cardinals
86%
1967 4-3 Cardinals
86%
1982 4-3 Cardinals
86%
2006 4-1 Cardinals
86%
2011 4-3 Cardinals
86%
1905 4-1 Giants
86%
1921 5-3 Giants
86%
1922 4-0 Giants
86%
1933 4-1 Giants
86%
1954 4-0 Giants
86%
2010 4-1 Giants
86%
2012 4-0 Giants
86%
2014 4-3 Giants
86%
1969 4-1 Mets
86%
1986 4-3 Mets
86%
2019 4-3 Nationals
86%
1980 4-2 Phillies
86%
2008 4-1 Phillies
86%
1997 4-3 Marlins
83%
2003 4-2 Marlins
83%
1985 4-3 Royals
81%
2015 4-1 Royals
81%
1992 4-2 Blue Jays
80%
1993 4-2 Blue Jays
80%
2001 4-3 Diamondbacks
80%
1909 4-3 Pirates
80%
1925 4-3 Pirates
80%
1960 4-3 Pirates
80%
1971 4-3 Pirates
80%
1979 4-3 Pirates
80%
2002 4-3 Angels
77%
1911 4-2 Athletics
77%
1913 4-1 Athletics
77%
1929 4-1 Athletics
77%
1930 4-2 Athletics
77%
1972 4-3 Athletics
77%
1973 4-3 Athletics
77%
1974 4-1 Athletics
77%
1989 4-0 Athletics
77%
1910 4-1 Athletics
77%
1966 4-0 Orioles
73%
1970 4-1 Orioles
73%
1983 4-1 Orioles
73%
1935 4-2 Tigers
71%
1945 4-3 Tigers
71%
1968 4-3 Tigers
71%
1984 4-1 Tigers
71%
1920 5-2 Indians
69%
1948 4-2 Indians
69%
1987 4-3 Twins
64%
1991 4-3 Twins
64%
1924 4-3 Senators
30%
1903 5-3 Americans
24%
No matching quizzes found
Score Distribution
Percent of People with Each Score
Percentile by Number Answered
Your Score History
You have not taken this quiz